[Event "Wch Seniors 65 26th"]
[Site "Marianske Lazne"]
[Date "2016.11.28"]
[Round "9"]
[White "Goetze, Peter"]
[Black "Bondar, Leonid"]
[Result "1/2-1/2"]
[WhiteElo "1862"]
[BlackElo "2019"]
[PlyCount "33"]
[EventDate "2016.11.19"]
[EventType "swiss"]
[EventRounds "11"]
[EventCountry "CZE"]
[SourceTitle "CBM 175 Extra"]
[Source "ChessBase"]
[SourceDate "2016.12.12"]
[SourceVersion "1"]
[SourceVersionDate "2016.12.12"]
[SourceQuality "1"]

1. Nc3 c6 2. e4 d5 3. f4 dxe4 4. Nxe4 Nd7 5. Nf3 Ngf6 6. Nf2 Nb6 7. b3 g6 8. Bb2 Bg7 9. g3 0-0 10. Bg2 Ng4 11. Bxg7 Nxf2 12. Kxf2 Kxg7 13. Re1 Bg4 14. d3 Qd6 15. Qd2 Bxf3 16. Bxf3 Rad8 17. Qe3 1/2-1/2

[Event "Wch Seniors 65 26th"]
[Site "Marianske Lazne"]
[Date "2016.11.26"]
[Round "7"]
[White "Goetze, Peter"]
[Black "Goga, Frantisek"]
[Result "1/2-1/2"]
[WhiteElo "1862"]
[BlackElo "2014"]
[PlyCount "43"]
[EventDate "2016.11.19"]
[EventType "swiss"]
[EventRounds "11"]
[EventCountry "CZE"]
[SourceTitle "CBM 175 Extra"]
[Source "ChessBase"]
[SourceDate "2016.12.12"]
[SourceVersion "1"]
[SourceVersionDate "2016.12.12"]
[SourceQuality "1"]

1. Nc3 d5 2. e4 d4 3. Nce2 e5 4. Ng3 Nf6 5. Bc4 Nc6 6. Nf3 Bd6 7. a3 0-0 8. d3 h6 9. 0-0 Be6 10. Ba2 Bxa2 11. Rxa2 Qd7 12. Bd2 Ne7 13. Nh4 c5 14. b3 b5 15. Ngf5 Ng6 16. Nxd6 Qxd6 17. Nf5 Qe6 18. Ra1 Kh7 19. f4 Nxf4 20. Bxf4 exf4 21. Rxf4 g6 22. Ng3 1/2-1/2

[Event "GER-ch Seniors"]
[Site "Dresden"]
[Date "2012.08.12"]
[Round "4"]
[White "Goetze, Peter"]
[Black "Lichtblau, Ernst"]
[Result "1/2-1/2"]
[WhiteElo "1882"]
[BlackElo "1829"]
[PlyCount "55"]
[EventDate "2012.08.09"]
[EventType "swiss"]
[EventRounds "9"]
[EventCountry "GER"]
[SourceTitle "EXT 2014"]
[Source "ChessBase"]
[SourceDate "2013.11.20"]
[SourceVersion "1"]
[SourceVersionDate "2013.11.20"]
[SourceQuality "1"]

1. Nc3 d5 2. e4 dxe4 3. Nxe4 g6 4. d4 Bg7 5. c3 Nf6 6. Bd3 0-0 7. Nf3 Nxe4 8. Bxe4 c6 9. 0-0 Bg4 10. h3 Bxf3 11. Bxf3 e6 12. Bf4 Qe7 13. Re1 Nd7 14. d5 cxd5 15. Bxd5 Nb6 16. Bb3 Rad8 17. Qf3 Rd7 18. Rad1 Rfd8 19. Rxd7 Rxd7 20. Rd1 Rxd1+ 21. Qxd1 h6 22. Qd2 g5 23. Qd6 Bf8 24. Qxe7 Bxe7 25. Be3 Nc8 26. Kf1 b6 27. Bc2 f5 28. Bd4 1/2-1/2

[Event "GER-ch Seniors"]
[Site "Dresden"]
[Date "2012.08.11"]
[Round "3"]
[White "Lubberich, Alfred"]
[Black "Goetze, Peter"]
[Result "0-1"]
[WhiteElo "1908"]
[BlackElo "1882"]
[PlyCount "76"]
[EventDate "2012.08.09"]
[EventType "swiss"]
[EventRounds "9"]
[EventCountry "GER"]
[SourceTitle "EXT 2014"]
[Source "ChessBase"]
[SourceDate "2013.11.20"]
[SourceVersion "1"]
[SourceVersionDate "2013.11.20"]
[SourceQuality "1"]

1. Nf3 Nf6 2. d4 d6 3. c4 Bg4 4. Nc3 Nbd7 5. e4 e5 6. Be2 Be7 7. Be3 Bh5 8. 0-0 c6 9. d5 0-0 10. Nd2 Bg6 11. b4 h6 12. f3 Nh5 13. a3 Bg5 14. Bf2 Nf4 15. Qe1 Re8 16. h3 Nf8 17. Kh2 Qd7 18. Bg3 Bh7 19. h4 Bf6 20. Rh1 N8g6 21. Kg1 Bd8 22. h5 Ne7 23. Bf2 Nxe2+ 24. Qxe2 f5 25. Nb3 cxd5 26. Nxd5 Nxd5 27. cxd5 fxe4 28. fxe4 Bg5 29. Bh4 Qe7 30. Bxg5 Qxg5 31. Nd2 Rac8 32. Nc4 Red8 33. Qd3 Rc7 34. Rf1 Qg4 35. Nd2 Rdc8 36. Qf3 Qg5 37. Rf2 Rc1+ 38. Kh2 Qh4+ 0-1

[Event "Bad Griesbach Seniors op 09th"]
[Site "Bad Griesbach"]
[Date "2006.12.09"]
[Round "7"]
[White "Reisinger, Georg"]
[Black "Goetze, Peter"]
[Result "1-0"]
[WhiteElo "1765"]
[BlackElo "1750"]
[PlyCount "63"]
[EventDate "2006.12.03"]
[EventType "swiss"]
[EventRounds "7"]
[EventCountry "GER"]
[SourceTitle "EXT 2015"]
[Source "ChessBase"]
[SourceDate "2014.11.20"]
[SourceVersion "1"]
[SourceVersionDate "2014.11.20"]
[SourceQuality "1"]

1. e4 b6 2. d4 Bb7 3. Nc3 e6 4. a3 g6 5. Nf3 Bg7 6. Bd3 Ne7 7. 0-0 0-0 8. Be3 d6 9. Qd2 Nd7 10. Rad1 Qc8 11. Bh6 a6 12. Bxg7 Kxg7 13. Qg5 f6 14. Qg3 e5 15. Nd5 Nxd5 16. exd5 Bxd5 17. dxe5 Bxf3 18. exf6+ Rxf6 19. gxf3 Qf8 20. Be4 Re8 21. Rd3 Nc5 22. Rc3 Re5 23. Rd1 Qe7 24. Bd5 Ne6 25. Bxe6 Rfxe6 26. Rd4 Qf7 27. Rf4 Rf6 28. Rxf6 Kxf6 29. Qf4+ Rf5 30. Qd4+ Kg5 31. Rc4 Rf4 32. h4+ 1-0

[Event "Bad Griesbach Seniors op 09th"]
[Site "Bad Griesbach"]
[Date "2006.12.05"]
[Round "3"]
[White "Lamprecht, Friedrich"]
[Black "Goetze, Peter"]
[Result "1-0"]
[WhiteElo "1760"]
[BlackElo "1750"]
[PlyCount "97"]
[EventDate "2006.12.03"]
[EventType "swiss"]
[EventRounds "7"]
[EventCountry "GER"]
[SourceTitle "EXT 2015"]
[Source "ChessBase"]
[SourceDate "2014.11.20"]
[SourceVersion "1"]
[SourceVersionDate "2014.11.20"]
[SourceQuality "1"]

1. e4 b6 2. d4 Bb7 3. Bd3 Nf6 4. Nd2 Nc6 5. c3 e5 6. d5 Ne7 7. Ndf3 d6 8. Ne2 g6 9. Bg5 Bg7 10. c4 0-0 11. Qd2 Nd7 12. g4 Nf6 13. Rg1 Qd7 14. Bxf6 Bxf6 15. h4 c6 16. h5 b5 17. b3 a5 18. hxg6 fxg6 19. Ng5 Bxg5 20. Qxg5 Nc8 21. Ng3 bxc4 22. bxc4 Qg7 23. Rb1 Ra7 24. Qe3 c5 25. Ne2 Ba6 26. Kd2 Raf7 27. Rgf1 Rf3 28. Qg5 Rxf2 29. Rxf2 Rxf2 30. Qd8+ Qf8 31. Qxf8+ Rxf8 32. Ke3 Kg7 33. Nc3 Kf6 34. Nb5 Rf7 35. Nxd6 Nxd6 36. Rb6 Kg5 37. Rxa6 Rd7 38. Be2 Nb7 39. Re6 Kh4 40. Rxe5 Nd6 41. Re6 Kg5 42. e5 Nf7 43. d6 Rd8 44. Ke4 Nh6 45. Re7 Nxg4 46. Bxg4 Kxg4 47. Rxh7 Rf8 48. e6 Rf4+ 49. Kd5 1-0